Pseudosciences: Kézako? - Statistiques

Statistiques générales
  • Ce quiz a été pris 16 fois
  • Le résultat moyen est 8 sur 15
Statistiques - réponses
Définition Pseudoscience % Correct
Discipline qui établit un lien entre la position des objets célestes et la personnalité des gens Astrologie
92%
Procédé par lequel on tend àamener un individu dans un état de conscience voulu pour suggérer Hypnose
92%
Forme de médecine nonconventionnelle qui cherche à apporter à l'humain la meilleure santé par des moyens naturels Naturopathie
77%
Forme de médecine non conventionnelle qui consiste à vouloir soigner à l'aide de substances très fortement diluées Homéopathie
69%
Recherche de la transmutationdes métaux Alchimie
62%
Disciplines qui observe et analysetout élément se rapportant aux OVNI Ufologie
62%
Art divinatoire par les cartes Cartomancie
54%
Art de lire dans les lignes de la main Chiromancie
54%
Croyance qui explique des élémentsde vie d'une personne par des nombres se rapportant à elle Numérologie
54%
Usage des pierres afin de soignerles maux Lithothérapie
46%
Méthode de soin qui consiste àchercher des souvenirs enfouis afin d'y trouver la source de problèmes et/ou de traumatismes Psychanalyse
46%
Etude des créatures non reconnuespar la science moderne Cryptozoologie
38%
Réflexion qui se base sur la formedu crâne pour définir des facultés humaines Phrénologie
23%
Traitement thérapeutique basésur les plantes Phytothérapie
23%
Pratique de tentative de contactavec les morts Spiritisme
15%
Aucun quiz correspondant
Distribution des résultats
% des personnes avec chaque résultat
Percentile par nombre de réponses
Votre historique - résultats
Vous n’avez pas pris ce quiz